| 000 | 00455nam a2200193Ia 4500 | ||
|---|---|---|---|
| 008 | 170918s9999 xx 000 0 und d | ||
| 020 | _a140431454 | ||
| 050 | _bH271wo 1981 | ||
| 100 | _aHardy, Thomas | ||
| 245 | 4 | _aThe woodlanders / | |
| 245 | _cby Thomas Hardy. | ||
| 260 | _aEngland : | ||
| 260 | _bPenguin Books, | ||
| 260 | _c1981 | ||
| 300 | _a463 pages : | ||
| 300 | _billustrations ; | ||
| 300 | _c18cm. | ||
| 300 | _ePenguin classics. | ||
| 999 |
_c343476 _d343476 |
||